UBT Library

Invitation to oceanography / (Record no. 44798)

000 -LEADER
fixed length control field 00692cam a2200229 a 4500
001 - CONTROL NUMBER
control field 16998338
005 - DATE AND TIME OF LATEST TRANSACTION
control field 20180312103842.0
008 - FIXED-LENGTH DATA ELEMENTS--GENERAL INFORMATION
fixed length control field 111013s2011 mauab b 001 0 eng
010 ## - LIBRARY OF CONGRESS CONTROL NUMBER
LC control number 2011041831
020 ## - INTERNATIONAL STANDARD BOOK NUMBER
International Standard Book Number 9781449601911
040 ## - CATALOGING SOURCE
Original cataloging agency DLC
Transcribing agency DLC
041 ## - LANGUAGE CODE
Language code of text/sound track or separate title eng
080 ## - UNIVERSAL DECIMAL CLASSIFICATION NUMBER
Universal Decimal Classification number 551.46 PIN
082 00 - DEWEY DECIMAL CLASSIFICATION NUMBER
Classification number 551.46 PIN
Edition number 23
100 1# - Rafti
Rafti 41
101 ## - Shkurtesa
Shkurtesa GJEO
245 10 - TITLE STATEMENT
Title Invitation to oceanography /
Statement of responsibility, etc Paul R. Pinet.
504 ## - BIBLIOGRAPHY, ETC. NOTE
Bibliography, etc Includes bibliographical references and index.
906 ## - LOCAL DATA ELEMENT F, LDF (RLIN)
a 7
b cbc
c orignew
d 1
e ecip
f 20
g y-gencatlg
942 ## - ADDED ENTRY ELEMENTS (KOHA)
Source of classification or shelving scheme
Item type Books
Holdings
Withdrawn status Lost status Source of classification or shelving scheme Damaged status Not for loan Collection code Permanent location Current location Shelving location Date acquired Total Checkouts Full call number Barcode Date last seen Price effective from Koha item type
          Koleksioni i përgjithshem UBT - Lipjan UBT - Lipjan Koleksioni i përgjithshem 03/12/2018   551.46 PIN 002-3001776 03/12/2018 03/12/2018 Books
UBT Library © 2015-2024. All rights reserved University Education for Business and Technology